000 00518nam a2200169Ia 4500
008 090201s9999 xx 000 0 und d
010 _aKPL-43227
040 _bमराठी
041 _aमराठी
082 _a51999
_b43227
100 _aसुहास शिरवळकर
245 _aहत्यारा
_cसुहास शिरवळकर
260 _c2003
_bरावजी प्रकाशन
300 _a164
_bमध्यम
600 _aहत्यारा
942 _cBOOK
999 _c248448
_d248448